[Event "Alekhine Memorial"]
[Site "Paris/St Petersburg"]
[Date "2013.04.25"]
[Round "5"]
[White "Anand, Viswanathan"]
[Black "Ding, Liren"]
[Result "1-0"]
[WhiteElo "2783"]
[BlackElo "2707"]
[Annotator "Sumets,A"]
[PlyCount "63"]
[EventDate "2013.04.21"]
[EventType "tourn"]
[EventRounds "9"]
[EventCountry "FRA"]
[EventCategory "20"]
[SourceTitle "CBM 154"]
[Source "ChessBase"]
[SourceDate "2013.05.15"]
[SourceVersion "1"]
[SourceVersionDate "2013.05.15"]
[SourceQuality "1"]

{Before this game started Anand had 1.5 points from 4 games.} 1. e4 c6 2. d4 d5
3. Nc3 dxe4 4. Nxe4 Bf5 5. Ng3 Bg6 6. h4 h6 7. Nf3 e6 8. Ne5 Bh7 9. Bd3 Bxd3
10. Qxd3 Nd7 {Anand plays the Caro-Kann with both colours. Let's see some
games played by the World Champion.} (10... Nf6 11. Bf4 Qa5+ (11... Nbd7 12.
O-O-O Be7 13. Kb1 O-O 14. Qe2 (14. c4) 14... a5 15. c4 (15. Ne4 a4 16. g4 Nxe4
17. Qxe4 Nxe5 18. Bxe5 Qd5 $11) 15... a4 16. Rd3 Rc8 17. Ne4 Nxe4 18. Qxe4 Nxe5
19. dxe5 Qb6 20. Be3 Bc5 21. Bxh6 $11 gxh6 22. Rg3+ Kh8 23. Qf4 Kh7 24. Qf6 Rg8
25. Qxf7+ Kh8 26. Qf6+ Kh7 27. Rd1 Bd4 28. Rxd4 Qxd4 29. Qe7+ Kh8 30. Qf6+ Kh7
31. Qf7+ {1/2-1/2 Ivanchuk,V-Anand,V Frankfurt Rapid 1998}) 12. Bd2 (12. c3 Qa6
$1 13. Qf3 Nbd7 14. Nxd7 Nxd7 (14... Kxd7 $5 {Topalov, V - Leko,P Tilburg 1998}
) 15. Ne4 Nf6 $1 16. Nd6+ (16. Nxf6+ gxf6 17. a3 Qb5 18. O-O-O O-O-O 19. Bg3 f5
$11) 16... Bxd6 17. Bxd6 Qb5 18. Be5 Qd5 19. Rh3 Qxf3 20. Rxf3 Ke7 21. O-O-O
Rhd8 22. Rg1 h5 23. Re1 Rd7 24. Kc2 Rg8 25. Bf4 {1/2-1/2 Svidler,P-Anand, V
Wijk aan Zee 1999}) 12... Bb4 13. c3 Be7 14. O-O Nbd7 15. Rfe1 Nxe5 (15... O-O
$6 16. Nf5 exf5 17. Nxd7 $14) 16. Rxe5 Qc7 17. Rae1 O-O-O (17... Nd7 18. R5e4
Nf6 19. R4e2 O-O 20. Qf3 Rfd8 21. Nf5 $14) 18. b4 Bd6 19. R5e2 Bf4 20. Ne4 Bxd2
21. Nxd2 g5 $13 {Anand,V-Khalifman,A Rapid Dubai 2002 1-0 (56)}) 11. f4 Bb4+ (
11... Ngf6 12. Bd2 Bd6 13. O-O-O Qc7 14. Kb1 O-O 15. Ne2 {It seems to be that
g4 is coming} Rad8 16. Qf3 (16. g4 $2 Bxe5 17. fxe5 Nxe5 18. Qg3 Ne4 $1 19. Qf4
Nxd2+ 20. Rxd2 Qa5 $1 $17) 16... h5 $8 17. Rhg1 c5 18. g4 Bxe5 $1 (18... cxd4
19. gxh5 Nxe5 20. fxe5 Bxe5 21. h6 g6 22. h5 Rc8 23. c3 $16) 19. dxe5 Nxg4 20.
Ng3) 12. c3 Be7 13. Bd2 (13. h5 {White takes care of his h-pawn} Ngf6 14. Be3
O-O (14... Qa5 $5 {preventing White from castling long} 15. Nxd7 Nxd7 16. O-O
O-O 17. f5 e5 $11) 15. O-O-O c5 16. dxc5 Nxc5 17. Qxd8 Rfxd8 18. c4 a6 19. Kc2
$11 {Landa,K-Okkes,M NED ChT 2006 1-0 (40)}) 13... Ngf6 (13... Bxh4 $6 {
Nobody has captured this pawn yet. White would have very good compensation for
the pawn.} 14. O-O-O Bxg3 (14... Be7 15. Nh5 Kf8 16. Qg3 Rh7 17. f5 exf5 18.
Ng6+ fxg6 19. Qxg6 $18) 15. Qxg3 Kf8 16. c4 Ngf6 17. Qf3 Qc7 18. g4 $40) 14.
Qe2 $146 {A new move. It is not easy to say if the novelty is dangerous or not.
According to my brief analysis, Black has several options to get counterplay
after 14.0-0 c5 (14...0-0 15.f5 Bd6!) 15.dxc5 Bxc5 (15...Nxc5!?). I hope we
will soon see many games which will help us to evaluate Anand's novelty more
precisely.} (14. O-O-O O-O 15. Ne4 (15. c4 Qc7 16. Rhe1 Rad8 17. Qf3 a5 18. Kb1
Bb4 19. Bxb4 axb4 20. f5 Nxe5 21. dxe5 Rxd1+ 22. Qxd1 Rd8 23. Qe2 Nd7 $11 {
Svetushkin,D-Lauber,A Bundesliga Berlin GER 2010 1-0 (33)}) 15... Nxe4 16. Qxe4
f5 17. Qe2 Nxe5 18. dxe5 Qd5 (18... Qa5 19. Kb1 Rad8 20. g4 $14) 19. c4 Qd7 20.
Bb4 Qe8 21. Bd6 $16 {Smeets, J-Lauber,A Bundesliga Forchheim GER 2012 1-0 (64)}
) 14... c5 (14... O-O 15. f5 $5 {I think this is the point of Anand's idea.
Otherwise White transposes to the line 0-0-0} (15. O-O-O) 15... Bd6 $1 {
It seems to me that after this move Black is out of danger.} (15... Nd5 $6 16.
O-O-O Nxe5 17. dxe5 Qc7 18. c4 Nb6 19. Qg4 $16) 16. fxe6 (16. O-O-O $6 Re8 $1
17. Rhe1 Qc7 18. Kb1 exf5 19. Nxf5 Nxe5 20. Nxd6 Qxd6 21. dxe5 Qe6 $15) 16...
fxe6 17. O-O-O Qc7 18. Nxd7 Qxd7 19. Ne4 Nxe4 20. Qxe4 Bc7 $11) 15. dxc5 {
Black should have chosen between 15...Bxc5 and 15...Nxc5. Ding Liren's idea is
not correct.} Qc7 $6 (15... Bxc5 $5 16. O-O-O O-O 17. c4 (17. Ne4 Nxe5 18. fxe5
Nxe4 19. Qxe4 Qd5 20. Qg4 (20. Qxd5 exd5 $11) 20... h5 $5 21. Qxh5 Qxa2 22. Qg4
Rfd8 23. Bg5 Ba3 24. bxa3 Qa1+ 25. Kc2 Qa2+ $11) 17... Qc7 18. Bc3 Be7 19. Kb1
Rad8 $13) (15... Nxc5 $5 16. O-O-O O-O 17. Be3 Qc7 18. Bd4 (18. Kb1 Rfd8) (18.
Nh5 Nxh5 19. Qxh5 Rad8 20. Rxd8 Qxd8 21. Rd1 Qc7 $11) 18... Rfd8 19. Rhe1 (19.
f5 $6 Rd5 20. Rhe1 Rad8 $15) 19... a5 20. Kb1 a4 21. Qf3 Rac8 (21... Nb3 $5 22.
axb3 (22. Be3 Na5 23. Bd4 Nb3) 22... axb3 23. Ne2 $1 Qa5 24. Kc1 Qa1+ 25. Kd2
Qxb2+ 26. Ke3 Qc2 $44) 22. f5 a3 23. b3 Bd6 24. c4 Re8 25. Re3 exf5 26. Qxf5
Re6 27. Nh5 Nxh5 28. Qxh5 Rce8 (28... b5 $5)) 16. b4 (16. Nxd7 $6 Nxd7 17. b4
O-O 18. h5 b6 19. cxb6 axb6 $44) 16... O-O 17. O-O a5 18. a3 Nxe5 19. fxe5 Nd7
20. Ne4 axb4 (20... Qxe5 $6 21. Bf4 Qd5 22. Rad1 Qc6 23. Bd6 Rfe8 24. Bxe7 Rxe7
25. Nd6 $16) (20... Nxe5 $5 {probably it is the best black option to keep
fighting} 21. Bf4 f6 22. Rad1 axb4 23. axb4 Rfd8 24. Nf2 $14) 21. cxb4 Qxe5 $6
(21... Nxe5 $5 22. Bf4 f6 23. h5 $14) 22. Bc3 $40 Qc7 23. Rad1 Rad8 (23... Rxa3
$2 24. Bxg7 Kxg7 25. Qb2+ $18) (23... Ra6 $5 24. h5 f6 25. Nd6 Bxd6 26. Qxe6+
Kh8 27. cxd6 $1 (27. Rxd6 $4 Nxc5 $17) 27... Qxc3 28. Qxd7 $16) 24. Qg4 $16 {
Black's chances of survival are minimal} g6 $6 (24... e5 25. Rd3 Nf6 26. Nxf6+
Bxf6 27. Rdf3 Qd7 28. Qg3 Be7 29. Bxe5 $16) 25. Nd6 {White has several ways to
win. I would like 25.h5 as the most convienient one.} (25. h5 $1 g5 26. Nd6 $18
b6 27. Qd4 e5 28. Qc4 Bf6 29. c6) 25... e5 26. Qc4 $18 {The game is over. Only
a miracle can help Black.} Nb6 27. Qe4 Nd7 (27... Bxd6 28. Rxd6 Rxd6 29. Qxe5
f6 30. Qxd6 $18) 28. h5 gxh5 29. Qf5 Bf6 30. Qxh5 Qc6 31. Rxf6 Nxf6 32. Qxe5
1-0

[Event "Biel Suri Memorial"]
[Site "Biel"]
[Date "2014.07.17"]
[Round "4"]
[White "Hou, Yifan"]
[Black "Harikrishna, Pentala"]
[Result "1/2-1/2"]
[WhiteElo "2629"]
[BlackElo "2726"]
[Annotator "Sumets,A"]
[PlyCount "137"]
[EventDate "2014.07.14"]
[EventType "tourn"]
[EventRounds "10"]
[EventCountry "SUI"]
[EventCategory "19"]
[SourceTitle "CBM 162"]
[Source "ChessBase"]
[SourceDate "2014.09.17"]
[SourceVersion "1"]
[SourceVersionDate "2014.09.17"]
[SourceQuality "1"]

1. e4 c6 2. d4 d5 3. Nc3 dxe4 4. Nxe4 Bf5 5. Ng3 Bg6 6. h4 h6 7. Nf3 Nd7 8. h5
Bh7 9. Bd3 Bxd3 10. Qxd3 e6 11. Bd2 Ngf6 12. O-O-O Be7 13. Rde1 {A bit
artificial move. White's itention is to face 0-0 with Ne4 and g4. Then Black
can't take on g4 and play f5 because White will take on e6.} (13. Rhe1 O-O (
13... c5 14. Qe2 O-O 15. Nf5 cxd4 16. N3xd4 Bc5 17. Nxh6+ gxh6 18. Bxh6 Re8 19.
g4 Nd5 20. g5 Qa5 (20... Qb6 $1 {see the game Gashimov,V - Jakovenko, D 2008})
21. g6 Qxa2 $6 22. Nb3 $6 (22. gxf7+ $1 Kxf7 23. Qe4 Qa1+ 24. Kd2 Qa5+ 25. c3
Nf8 26. Qf3+ Nf6 27. Rg1 $18) 22... Ba3 23. Rxd5 Qxb2+ 24. Kd1 $40 {Fontaine,R
(2546) -Landa,K (2627) France 2009 1-0 (29)}) 14. Qe2 Re8 (14... a5 15. Ne5 Bb4
16. c3 Bd6 17. f4 Qc7 18. Ne4 Nxe4 19. Qxe4 f5 20. Qf3 Nf6 21. Ng6 Rfe8 22. c4
Qf7 23. Rh1 a4 $11 {Tischbierek,R (2433)-Peralta,F (2626) Wunsiedel 2013 0-1 
(60)}) (14... Qc7 15. Ne5 Bd6 16. Kb1 Rad8 17. f4 c5 18. dxc5 Bxc5 19. c4 Qb6
20. Bc3 Bb4 21. Nxd7 Nxd7 22. Ne4 Bxc3 23. Nxc3 Nf6 24. g4 Qc5 $11 {Hou,Y 
(2585)-Ushenina,A (2448) Ningbo 2009 1/2 (53)-1/2 (53)}) 15. Ne5 Qb6 16. f4
Rad8 17. f5 Bd6 18. Qf3 Qc7 (18... Qxd4 $5 19. Bf4 (19. Bxh6 Nxe5 $19) (19.
Nxd7 Rxd7 20. Bxh6 Qc4 21. Kb1 Bxg3 22. Qxg3 Nxh5 $17) 19... Qc5 20. Nxf7 Bxf4+
21. Qxf4 Kxf7 22. Ne4 Qa5 23. Nd6+ Kg8 24. Nxe8 Rxe8 25. Rxe6 Rf8 $15) 19. Nxd7
Qxd7 20. fxe6 Rxe6 21. Nf5 Bf8 $11 {Fedorchuk,S (2655)-Lopez Martinez,J (2555)
Zuerich 2009 1/2 (30)-1/2 (30)}) 13... Qc7 {Black prepares long castle.} ({
Also playable is} 13... O-O 14. Ne4 Nxe4 (14... Ng4 15. Qe2 c5 16. dxc5 Rc8 17.
Nd6 Bxd6 18. cxd6 Qb6 19. Rh4 Ndf6 20. d7 (20. Bf4 $1 Qxf2 21. Qxf2 Nxf2 22.
Ne5 $16) 20... Rc7 21. Bc3 Qxf2 (21... Rd8 $5 22. Nd4 Rcxd7 23. f3 Rxd4 24.
Bxd4 Rxd4 25. fxg4 Re4 $44) 22. Qxf2 Nxf2 23. Ne5 $14 {Motylev, A (2669)-Ruck,
R (2570) Legnica 2013 1/2 (67)}) (14... Rc8 $6 {[%emt 0:00:13] this line shows
strength of Rde1} 15. Nxf6+ Nxf6 16. g4 Nxg4 (16... Nh7 $142 $1 17. Rhg1 {
with some presure}) 17. Rhg1 f5 18. Rxe6 $16) 15. Qxe4 Nf6 16. Qd3 Kh8 {
prepares ...Ng4} 17. g4 Nxg4 18. Rhg1 Nf6 19. Ne5 $44 Qe8 20. f4 Nd7 $6 (20...
Rd8 $5 21. Qg3 Rg8 22. f5 exf5 23. Qb3 Rd5 24. Qxb7 Ne4 $13) 21. f5 Nxe5 22.
dxe5 Rd8 23. Qg3 Rg8 24. f6 $16 {Gao Rui (2529)-Fossan,P (2257) Helsingor DEN
2014 1-0 (44)}) 14. Ne4 (14. Kb1 O-O-O) 14... O-O-O 15. g3 $146 (15. Nxf6 Bxf6
16. Qa3 Kb8 17. g3 Ka8 18. Bf4 Qc8 19. Be3 (19. Ne5 $5 Bxe5 20. dxe5 Nb6 21.
Be3 Qc7 22. f4 Nc8 23. g4 $14) 19... Nb6 20. Ne5 Qc7 21. c4 c5 $2 22. dxc5 Bxe5
23. Qxa7+ $1 Kxa7 24. cxb6+ Qxb6 25. Bxb6+ Kxb6 26. Rxe5 $16 {Popov,I (2652)
-Lalith,B (2570) Hyderabad IND 2013 1-0 (47)}) 15... Nc5 {A typical maneuver.
Usually In cramped positions we need to trade pieces.} (15... c5 16. Bf4 Qb6 (
16... Qc6 17. Nxf6 Nxf6 18. Ne5 Qe8 19. c3) 17. dxc5 Nxc5 18. Qc4 Nfxe4 19.
Rxe4 Qc6 20. Re3 $14) 16. Nxc5 Bxc5 17. Rh4 Bd6 18. Qe2 Kb8 19. Ne5 {Due to
his space advantage White has some presure.} Ka8 {In such kind positions it is
not easy to indicate some clear plan for both sides. Black needs to be very
careful and think twice before playing Be5.} 20. a3 Rhf8 (20... Bxe5 21. dxe5
Nd5 22. c4 Ne7 23. Bc3 c5 24. Rf4 $14 {with unpleasant pressure.}) 21. Qf3 Be7
22. Rf4 Qb6 23. Rd1 Qc7 {Black can't improve his position so he has to wait.} (
23... Rxd4 $4 24. Rxd4 Qxd4 25. Nxc6 Qc5 (25... bxc6 26. Qxc6+ Kb8 27. Bf4+ $18
) 26. Nxe7 Qxe7 27. Bb4 $18) 24. Nd3 Nh7 $5 {It provokes an exchange sacrifice.
He could play 24..... a6 or 24..... Kb8 with very solid position.} 25. Rxf7 Ng5
26. Qf4 e5 $8 27. Rxe7 Qxe7 28. Qxe5 Qf7 {It seems to me that this position is
in White's favour.} 29. Bxg5 Rd5 (29... hxg5 30. Qxg5 Rxd4 31. Re1 Rd5 32. Qe7
$14 {Black needs to play precisely to avoid problems.}) 30. Qe7 Rxg5 31. Qxf7 (
31. Re1 $142 {Black has nothing better than} a6 {that gives White an extra
tempo.} 32. Qxf7 Rxf7 33. Nf4 Rgf5 34. Re8+ Ka7 35. Kd2 Rf8 36. Re5 $14) 31...
Rxf7 32. Re1 {Now Black doesn't need to play a6} Kb8 33. Re5 Kc7 $11 {The
position seems to be equal.} 34. Kd2 Kd6 35. c4 Re7 36. c5+ ({After the rook
exchange only Black could play for a win.} 36. Rxg5 hxg5 37. f3 (37. g4 {
seems to be more reliable} Re4 38. f3 Rxd4 39. Kc3 c5 40. Nxc5 Rf4 41. Ne4+ Ke5
42. Nxg5 Rf6 43. c5 Kf4 44. Ne4 Re6 45. Kd3 $13 {The most likely result is a
draw.}) 37... g4 38. fxg4 Re4 $15) 36... Kd7 37. b4 Ke8 38. Rxe7+ (38. Rxg5
hxg5 39. Ne5 Re6 40. f3 Rf6 41. Ke3 Ke7 42. Ke4 Ke6 $11) 38... Kxe7 39. Nf4 Kd7
40. Ke3 Rf5 41. g4 Rf8 42. Ng6 Ra8 43. Ne5+ Ke6 44. Nc4 b5 45. Ne5 Kd5 46. f4
a5 47. Nd7 axb4 48. Nb6+ Ke6 49. axb4 (49. Nxa8 $4 bxa3 $19) 49... Ra1 50. d5+
(50. f5+ Ke7 51. d5 cxd5) 50... cxd5 51. f5+ Ke7 52. Nxd5+ Kd7 53. Nf4 Re1+ 54.
Kf3 Rf1+ 55. Ke3 Re1+ 56. Kd4 (56. Kf3 $11) 56... Rg1 57. Kd5 Rd1+ 58. Ke5 Re1+
59. Kd4 Rg1 60. Ne6 Rxg4+ 61. Kd5 Rxb4 62. c6+ Ke7 63. Nxg7 Rc4 64. Ne6 Rxc6
$11 (64... Rc1 65. c7 Kd7 66. f6 Rf1 67. Ke5 b4 68. Nf4 $8 Rc1 69. Ne6 Rf1 $8
70. Nf4 $11) 65. Kxc6 Kf6 66. Nd4 b4 67. Kd5 b3 68. Nxb3 Kxf5 69. Nd4+ 1/2-1/2